| Tag |
First Indicator |
Second Indicator |
Subfields |
| LEADER |
00000cas a2200000 a 4500 |
| 001 |
in00005778708 |
| 005 |
20260414184018.3 |
| 008 |
110630d19551955paumr p o 0 a0eng d |
| 006 |
m o d |
| 007 |
cr bn||||abp|| |
| 007 |
cr bn||||ada|| |
| 010 |
|
|
|a 90642423
|z sn 86025710
|
| 040 |
|
|
|a OCLCE
|b eng
|c OCLCE
|d OCLCQ
|d OCLCF
|d OCLCO
|d OCLCQ
|d CUY
|d U3W
|d NJT
|d OCLCQ
|d UKSSU
|d OCLCQ
|d OCLCO
|d OCLCL
|d OCLCO
|d OCLCL
|d OCLCQ
|
| 019 |
|
|
|a 1028764646
|a 1039211637
|a 1089423865
|a 1154890458
|
| 023 |
0 |
|
|a 0898-0438
|2 0
|
| 030 |
|
|
|a JSMTA4
|
| 035 |
|
|
|a (OCoLC)733862429
|z (OCoLC)1028764646
|z (OCoLC)1039211637
|z (OCoLC)1089423865
|z (OCoLC)1154890458
|
| 042 |
|
|
|a dlr
|
| 050 |
|
4 |
|a TR845
|b .S6
|
| 050 |
|
4 |
|a PN1993 S6
|
| 082 |
1 |
4 |
|a 778
|2 11
|1 https://id.oclc.org/worldcat/ddc/E3rbRxdc8RgJXpk9V9DqGmBGWr
|
| 130 |
0 |
|
|a SMPTE journal (1955)
|
| 245 |
1 |
0 |
|a SMPTE journal.
|
| 246 |
3 |
|
|a Society of Motion Picture and Television Engineers journal
|
| 246 |
1 |
3 |
|a Journal of the Society of Motion Picture and Television Engineers
|
| 246 |
1 |
7 |
|a Journal of the SMPTE
|
| 260 |
|
|
|a Easton, Pa. :
|b SMPTE,
|c 1955.
|
| 300 |
|
|
|a 1 online resource (1 volume)
|
| 310 |
|
|
|a Monthly
|
| 336 |
|
|
|a text
|b txt
|2 rdacontent
|
| 337 |
|
|
|a computer
|b c
|2 rdamedia
|
| 338 |
|
|
|a online resource
|b cr
|2 rdacarrier
|
| 362 |
0 |
|
|a Vol. 64, no. 1 (Jan. 1955)-v. 64, no. 12 (Dec. 1955).
|
| 588 |
0 |
|
|a Print version record; title from cover.
|
| 650 |
|
0 |
|a Cinematography
|v Periodicals.
|
| 650 |
|
0 |
|a Television
|v Periodicals.
|
| 650 |
|
6 |
|a Cinéma
|v Périodiques.
|
| 650 |
|
6 |
|a Télévision
|v Périodiques.
|
| 650 |
|
7 |
|a Cinematography
|2 fast
|
| 650 |
|
7 |
|a Television
|2 fast
|
| 655 |
|
0 |
|a Electronic journals.
|
| 655 |
|
2 |
|a Periodical
|
| 655 |
|
7 |
|a periodicals.
|2 aat
|
| 655 |
|
7 |
|a Periodicals
|2 fast
|
| 655 |
|
7 |
|a Periodicals.
|2 lcgft
|
| 655 |
|
7 |
|a Périodiques.
|2 rvmgf
|
| 710 |
2 |
|
|a Society of Motion Picture and Television Engineers.
|1 https://id.oclc.org/worldcat/entity/E39QH7JmrKCghjhhtPtQDdcfY6
|
| 776 |
0 |
8 |
|i Print version:
|t SMPTE journal (1955)
|x 0898-0438
|w (DLC) 90642423
|w (OCoLC)9724007
|
| 780 |
0 |
0 |
|t Journal of the Society of Motion Picture and Television Engineers
|w (OCoLC)609484008
|
| 785 |
0 |
0 |
|t Journal of the SMPTE
|w (OCoLC)733026340
|
| 029 |
1 |
|
|a AU@
|b 000078124367
|
| 994 |
|
|
|a Z0
|b TXA
|
| 948 |
|
|
|h HELD BY TXA - 84 OTHER HOLDINGS
|
| 999 |
f |
f |
|i 1bc2fb2d-9c90-47b5-979b-acfc6e02a68c
|s 2a568950-a41c-4122-968e-f5e45f877d1c
|t 0
|
| 952 |
f |
f |
|a Texas A&M University
|b College Station
|c Electronic Resources
|s www_evans
|d Available Online
|t 0
|e TR845
|g Electronic
|h Library of Congress classification
|
| 998 |
f |
f |
|a TR845
|t 0
|l Available Online
|